"MAMMO TREND-D' 2007" vedecké práce z medzinárodnej konferencie: III. pracovné stretnutie mamológov s medzinárodnou účasťou, 22.6.2007

Bibliographic Details
Corporate Author: MAMMO TREN-D' Trenčín, Slovensko
Format: Conference Proceeding Software eBook
Language:Slovak
PhysicalDescription:1 elektronický optický disk (CD-ROM) 12 cm
Published: Trenčín Trenčianska univerzita Alexandra Dubčeka 2007
ISBN:9788080752217 (CDROM)
Subjects:

MARC

LEADER 00000nam a2200000 a 4500
001 vtls009149279
003 SK-MaSNL
005 20260301081307.0
007 co cgu mnuua
008 071012s2007 xo fs 100 0 slo
015 |a SNBS2007 
020 |a 9788080752217 (CDROM) 
040 |a SNK  |b slo  |c SNK  |e AACR2 
041 0 |a slo 
044 |a xo  |c SK 
072 7 |a 618  |x Gynekológia. Pôrodníctvo  |2 konspekt 
080 |a 618.19-006  |2 2001 
080 |a (062.534)  |2 2001 
080 |a (0.034.44)  |2 2001 
111 2 |a MAMMO TREN-D'  |n (3. :  |d 2007 :  |c Trenčín, Slovensko)  |9 107529 
245 1 0 |a "MAMMO TREND-D' 2007"  |h elektronický zdroj  |b vedecké práce z medzinárodnej konferencie: III. pracovné stretnutie mamológov s medzinárodnou účasťou, 22.6.2007 
256 |a Elektronické dokumenty 
260 |a Trenčín  |b Trenčianska univerzita Alexandra Dubčeka  |c 2007 
300 |a 1 elektronický optický disk (CD-ROM)  |c 12 cm 
650 0 7 |a mamografia  |2 SNKPH  |9 15782 
650 0 7 |a diagnostika (medicína)  |2 SNKPH  |9 28740 
655 7 |a zborníky konferencií  |2 SNKPH  |9 70153 
655 7 |a CD-ROM  |2 SNKPH  |9 70236 
919 |a 978-80-8075-221-7 
999 |c 655481  |d 657411 
952 |a SNK  |b SNK  |y PREZ  |7 0  |p 17A0564664  |o snkSCDM 1556  |i snk2007/22089  |8 0  |0 0  |1 0  |4 0  |d 2007-10-12  |l 0  |r 2026-02-23 18:35:26  |w 2026-02-23 
952 |t snkMAM 618.19  |a SNKMST  |b SNKMST  |y PREZ  |7 0  |p 17A0564663  |o snkSCDM 1556 D1  |i snk2007/22091  |8 0  |0 0  |1 0  |4 0  |d 2007-10-12  |l 0  |r 2025-08-12 00:00:00  |w 2026-02-23